00931nam a22002057a 4500001000500000005001700005020001800022040002900040050001500069082001100084100002000095245004600115250005100161260004300212300002200255505000700277520040600284521001800690521001700708259420240103161829.0 a9780571336562 aFISKHbengcFISKHdFISKH aPZ7.S2539  a823.92 aSaunders, Kates aThe land of Neverendings /cKate Saunders aThis paperback edition first published in 2018 aLondon :bFaber & Faber Limited,c2017 a317 pages :c20cm aM  aEmily's world is shattered after her sister dies and she finds she misses her sister's teddy bear, Bluey, almost as much as her sister. Then Emily dreams of talking toys who have a message from Bluey, but soon discovers that magic from the toy world is spilling out into the real world with disastrous consequences. Emily must decide whether finding Bluey is worth risking the lives of those she loves a740 bLexile  aM bRaz-Plus